Normal view
MARC view
Entry Topical Term
001 - CONTROL NUMBER
- control field: 15916
003 - CONTROL NUMBER IDENTIFIER
- control field: OSt
005 - DATE AND TIME OF LATEST TRANSACTION
- control field: 20220316115108.0
008 - FIXED-LENGTH DATA ELEMENTS
- fixed length control field: 220316|| aca||aabn | a|a d
040 ## - CATALOGING SOURCE
- Original cataloging agency: OSt
- Transcribing agency: OSt
150 ## - HEADING--TOPICAL TERM
- Topical term or geographic name entry element: Number theory.
670 ## - SOURCE DATA FOUND
- Source citation: Work cat.: (OSt): Shoup, Victor. 15914, A computational introduction to number theory and algebra., Β©2009
